Statistics for The 10 Smallest Countries In The World

Click here to take the quiz!

General Stats

  • This quiz has been taken 75 times
  • The average score is 7 of 10

Answer Stats

Hint Answer % Correct
1Vatican City
100%
5San Marino
90%
2Monaco
89%
6Liechtenstein
79%
3Nauru
71%
4Tuvalu
67%
9Malta
63%
8Maldives
42%
10Grenada
42%
7Saint Kitts and Nevis
27%

Score Distribution

Percentile by Number Answered

Percent of People with Each Score

Your Score History

You have not taken this quiz